000
00215nam a22000857a 4500
008
161212b xxu||||| |||| 00| 0 eng d
100
_9
2000
_a
Shamis.K.N.etal
245
_a
Computer Made Friendly-8
260
_b
Cordova
_c
2008
999
_c
4847
_d
4847